<?xml version="1.0" encoding="UTF-8"?>
<record
    xmlns:xsi="http://www.w3.org/2001/XMLSchema-instance"
    xsi:schemaLocation="http://www.loc.gov/MARC21/slim http://www.loc.gov/standards/marcxml/schema/MARC21slim.xsd"
    xmlns="http://www.loc.gov/MARC21/slim">

  <leader>00776nam a22002057a 4500</leader>
  <datafield tag="999" ind1=" " ind2=" ">
    <subfield code="c">328762</subfield>
    <subfield code="d">328762</subfield>
  </datafield>
  <controlfield tag="003">Nust</controlfield>
  <controlfield tag="005">20190808044730.0</controlfield>
  <controlfield tag="008">170416b        xxu||||| |||| 00| 0 eng d</controlfield>
  <datafield tag="038" ind1=" " ind2=" ">
    <subfield code="a">Arshad</subfield>
  </datafield>
  <datafield tag="040" ind1=" " ind2=" ">
    <subfield code="c">Nust</subfield>
  </datafield>
  <datafield tag="082" ind1=" " ind2=" ">
    <subfield code="a">297</subfield>
    <subfield code="b">NAI</subfield>
  </datafield>
  <datafield tag="100" ind1=" " ind2=" ">
    <subfield code="a">Naik, Zakir</subfield>
    <subfield code="9">17055</subfield>
  </datafield>
  <datafield tag="245" ind1=" " ind2=" ">
    <subfield code="a">Aalam islam ke azeem mubalagh doctor Zakr Naik :</subfield>
    <subfield code="b">khutbaat o munazray/</subfield>
    <subfield code="c">talkhees o editing Naseer Ahmed Chohan</subfield>
  </datafield>
  <datafield tag="260" ind1=" " ind2=" ">
    <subfield code="a">Lahore:</subfield>
    <subfield code="b">Dua Publication,</subfield>
    <subfield code="c">2008</subfield>
  </datafield>
  <datafield tag="300" ind1=" " ind2=" ">
    <subfield code="a">516 p.</subfield>
  </datafield>
  <datafield tag="650" ind1=" " ind2=" ">
    <subfield code="a">Speeches</subfield>
    <subfield code="9">19181</subfield>
  </datafield>
  <datafield tag="880" ind1=" " ind2=" ">
    <subfield code="6">245-02\r</subfield>
    <subfield code="a">&#x639;&#x627;&#x644;&#x645; &#x627;&#x633;&#x644;&#x627;&#x645; &#x6A9;&#x6D2; &#x639;&#x638;&#x6CC;&#x645; &#x645;&#x628;&#x644;&#x63A; &#x688;&#x627;&#x6A9;&#x679;&#x631; &#x630;&#x627;&#x6A9;&#x631; &#x646;&#x627;&#x626;&#x6CC;&#x6A9;</subfield>
    <subfield code="b">&#x62E;&#x637;&#x628;&#x627;&#x62A; &#x648; &#x645;&#x646;&#x627;&#x638;&#x631;&#x6D2;</subfield>
    <subfield code="c">&#x62A;&#x644;&#x62E;&#x6CC;&#x635; &#x648; &#x627;&#x6CC;&#x688;&#x6CC;&#x679;&#x646;&#x6AF;: &#x646;&#x635;&#x6CC;&#x631; &#x627;&#x62D;&#x645;&#x62F; &#x686;&#x648;&#x6C1;&#x627;&#x646;</subfield>
  </datafield>
  <datafield tag="880" ind1=" " ind2=" ">
    <subfield code="6">260-03\r</subfield>
    <subfield code="a">&#x644;&#x627;&#x6C1;&#x648;&#x631;:</subfield>
    <subfield code="b">&#x62F;&#x639;&#x627; &#x67E;&#x628;&#x644;&#x6CC; &#x6A9;&#x6CC;&#x634;&#x646;&#x632;&#x60C;</subfield>
    <subfield code="c">2008</subfield>
  </datafield>
  <datafield tag="942" ind1=" " ind2=" ">
    <subfield code="2">ddc</subfield>
    <subfield code="c">BK</subfield>
  </datafield>
  <datafield tag="952" ind1=" " ind2=" ">
    <subfield code="0">0</subfield>
    <subfield code="1">0</subfield>
    <subfield code="2">ddc</subfield>
    <subfield code="4">0</subfield>
    <subfield code="7">0</subfield>
    <subfield code="a">CL</subfield>
    <subfield code="b">CL</subfield>
    <subfield code="c">ISL</subfield>
    <subfield code="d">2017-04-16</subfield>
    <subfield code="l">2</subfield>
    <subfield code="m">3</subfield>
    <subfield code="o">297.04 NAI</subfield>
    <subfield code="p">CL1829</subfield>
    <subfield code="r">2023-11-13</subfield>
    <subfield code="s">2019-09-01</subfield>
    <subfield code="t">1</subfield>
    <subfield code="w">2017-04-16</subfield>
    <subfield code="y">BK</subfield>
  </datafield>
</record>
